Datum a čas kvízu
20.5
Celkem bodů
Celkový počet nahraných bodů na tomto kvízu bez doplňovacích otázek.
13.
Pořadí na kvízu
Konečné umístění týmu na tomto kvízu.
Zaznamenané odpovědi
| # | Otázka | Odpověď | Body | Výsledky |
|---|---|---|---|---|
| 1. | Při úřadu vlády vznikne komise... | Ďáblický hřbitov | 0 | |
| 2. | Na Tchaj-wanu se v poslední do... | medvídek Pú | 1 | |
| 3. | V pátek vyšlo nové album legen... | Metallica | 0 | |
| 4. | Ve které zemi byl minulý týden... | ve Finsku | 0 | |
| 5. | Šestý zápas mimořádně zajímavé... | ve 4. prodloužení | 1 | |
| 6. | Pokračujeme představováním fil... | Krakov | 0 | |
| 7. | Sedmý film žebříčku byl natoče... | Mario Puzo, Corleone | 0.5 | |
| 8. | Jak se jmenuje film na osmém m... | Dvanáct rozhněvaných mužů | 0 | |
| 9. | Jediný francouzský film a prvn... | Nedotknutelní | 1 | |
| 10. | Napište název sbírky povídek s... | Hovno hoří | 0 |